000 00630nam a2200217 a 4500
001 000026998
003 DO-SdBNP
005 20250714091949.0
008 110328s1983 dr 001 0 spa d
040 _aDO-SdBNP
_bspa
_cBNPHU
082 4 _a320.5315
_bB734s, 1983
_222
100 1 _aBorja, Rodrigo
_954097
245 1 0 _aSocialismo democrático /
_cRodrigo Borja.
250 _a2ª ed.
260 _aSanto Domingo :
_bAlfa y Omega,
_c1983.
300 _a90 p. ;
_c18 cm.
650 0 _aSocialismo
_9287
710 2 _aPartido Revolucionario Dominicano.
_92629
910 _aValidado. Control de calidad EMS.
942 _2ddc
_cLBS1
999 _c26490
_d26490